01820nam a22002537a 4500003000900000005001700009008003300026020001500059040002300074082002900097100003500126245014000161260009600301300002400397490009800421500007100519500007400590505068000664650006301344650006601407650006101473650002601534830000601560DO-SdBNP20220302083007.0210310b1995 dr 00| 0 spa d a8489527024 aBPMSUbspa.cBPMSU aH861.09bC422p, 1995222 aCépedes, Diógenes d1941 - aPolítica de la teoría del lenguaje y la poesía en América Latina en el Siglo XX /cDiógenes Céspedes ; Isidro de los Santos aSanto Domingo :bUniversidad Autónoma de Santo Domingo ;bLibrería 1a Trinitaria,c1995 a525 p. ;c21 cm.b 0 aPublicaciones de la Universidad Autónoma de Santo Domingo;aLiteratura y sociedad:v749 /46 aIncluye datos biográficos del autor en la solapa de la cubierta  aIncluye referencias bibliográficas y notas al pie de las páginas  aLo poético y lo político en César Vallejo -- González Prada / El lenguaje y su relación con las utopías y los proyectos sociales 1880-1920 -- El efecto Rodó. Nacionalismo idealista vs Nacionalismo práctico : Los intelectuales antes de y bajo Trujillo -- El problema el valor literario en la teoría poética de Macedonio Fernández -- Teoría de lo político, teoría de la traducción en Octavio Paz -- Crítica de la teoría de la novela hispanoamericana contemporánea -- Sujeto y poético de la historia en Yo el supremo de Roa Bastos -- Marxismo, cultura y racionalismo en el discurso de José Carlos Mariategui -- Huidobro, ¿vanguardista?. 4aPoesía hispanoamericanaxHistoria y crítica ySiglo XX 4aLiteratura hispanoamericana xHistoria y crítica ySiglo XX 4aNovela hispanoamericanaxHistoria y crítica ySiglo XX 4aLiteratura y sociedad v